[Event "WchT 3rd"]
[Site "Luzern"]
[Date "1993.??.??"]
[Round "2"]
[White "Nogueiras, Jesus"]
[Black "Shirov, Alexei"]
[Result "1/2-1/2"]
[WhiteElo "2580"]
[BlackElo "2685"]
[PlyCount "23"]
[EventDate "1993.10.??"]
[Source "ChessBase"]

1. d4 d5 2. c4 Bf5 3. cxd5 Bxb1 4. Qa4+ c6 5. dxc6 Nxc6 6. Rxb1 e5 7. Bd2 Qxd4 8. Qxd4 Nxd4 9. e3 Nc6 10. Bb5 Bd6 11. Bxc6+ bxc6 12. Nf3 1/2-1/2

[Event "FRA"]
[Site "France"]
[Date "1993.??.??"]
[Round "?"]
[White "Pinter, Jozsef"]
[Black "Rausis, Igors"]
[Result "1/2-1/2"]
[WhiteElo "2580"]
[BlackElo "2560"]
[PlyCount "110"]
[EventDate "1993.??.??"]
[Source "www.chesslib.no"]
[SourceDate "2004.05.04"]

1. d4 d5 2. c4 Bf5 3. cxd5 Bxb1 4. Qa4+ c6 5. Rxb1 Qxd5 6. Nf3 Nd7 7. Bd2 Nb6 8. Qa5 e6 9. e3 Nf6 10. Bd3 Ne4 11. Qxd5 exd5 12. Ba5 Bd6 13. Ke2 O-O 14. Rhc1 Nd7 15. Be1 a5 16. g3 f5 17. Rc2 h6 18. Ng1 g5 19. f3 g4 20. Kd1 Ng5 21. Rf2 Rae8 22. Bd2 Rf7 23. Kc2 c5 24. fxg4 fxg4 25. Rxf7 Kxf7 26. Bb5 Ke7 27. Bxa5 Ra8 28. Bc3 Rxa2 29. Rf1 Ne4 30. Ne2 Ndf6 31. dxc5 Bxc5 32. Bd4 Bxd4 33. Nxd4 Ra8 34. Bd3 Rc8+ 35. Kd1 Ra8 36. Bxe4 Nxe4 37. Kc2 Rc8+ 38. Kd3 Nc5+ 39. Kd2 Ne4+ 40. Ke2 Ra8 41. Kd3 Ra2 42. Kc2 Ra6 43. Rf4 Rf6 44. Rf5 Ng5 45. Kd3 Nf3 46. Rxd5 Nxh2 47. e4 Rb6 48. Nf5+ Ke6 49. Kc3 Rc6+ 50. Kd4 Rb6 51. Kc3 Rc6+ 52. Kd3 Rb6 53. Nd4+ Ke7 54. Re5+ Kd7 55. Rd5+ Ke7 1/2-1/2

[Event "Moskva"]
[Site "?"]
[Date "1991.??.??"]
[Round "?"]
[White "Kuzmin, A."]
[Black "Shirov, A."]
[Result "1/2-1/2"]
[WhiteElo "2520"]
[BlackElo "2615"]
[PlyCount "39"]
[EventDate "1991.??.??"]
[Source "ChessBase"]
[SourceDate "1991.06.01"]

1. d4 d5 2. c4 Bf5 3. cxd5 Bxb1 4. Qa4+ c6 5. dxc6 Nxc6 6. Rxb1 e5 7. Bd2 Qxd4 8. Qxd4 Nxd4 9. Nf3 Nc6 10. e4 Nf6 11. Bb5 Nxe4 12. Bxc6+ bxc6 13. Nxe5 Bc5 14. Be3 Bxe3 15. fxe3 c5 16. Ke2 f5 17. Rbc1 O-O-O 18. Nd3 Rd5 19. Nxc5 Nxc5 20. b4 1/2-1/2

[Event "Skei"]
[Site "Skei"]
[Date "1993.??.??"]
[Round "6"]
[White "Van Wely, Loek"]
[Black "Rausis, Igors"]
[Result "1-0"]
[WhiteElo "2560"]
[BlackElo "2560"]
[PlyCount "89"]
[EventDate "1993.??.??"]
[Source "ChessBase"]

1. d4 d5 2. c4 Bf5 3. Nc3 e6 4. Bf4 c6 5. Nf3 Bd6 6. Bxd6 Qxd6 7. Qb3 Qe7 8. g3 Nf6 9. Bg2 O-O 10. O-O Qc7 11. Nh4 Bg6 12. cxd5 exd5 13. f3 Rd8 14. Rad1 Qb6 15. Qxb6 axb6 16. e4 dxe4 17. fxe4 Na6 18. Nxg6 hxg6 19. e5 Ng4 20. Rfe1 Nb4 21. h3 Nh6 22. d5 Nxa2 23. dxc6 bxc6 24. Rxd8+ Rxd8 25. Nxa2 Rd2 26. Bxc6 Nf5 27. Nc3 Rxb2 28. g4 Nd4 29. Bd5 b5 30. Rf1 b4 31. Bxf7+ Kh7 32. Ne4 Re2 33. Ng5+ Kh6 34. Nf3 Nxf3+ 35. Rxf3 Rxe5 36. Kg2 Rc5 37. Kg3 g5 38. Rb3 Rb5 39. Bc4 Rb6 40. Bd3 Rd6 41. Kf3 Rf6+ 42. Ke3 Re6+ 43. Be4 Rb6 44. Kd4 g6 45. Kc5 1-0

[Event "Ch team"]
[Site "France"]
[Date "1993.??.??"]
[Round "1"]
[White "Goldin, Alexander V"]
[Black "Rausis, Igors"]
[Result "1/2-1/2"]
[WhiteElo "2555"]
[BlackElo "2560"]
[PlyCount "61"]
[EventDate "1993.??.??"]
[Source "www.chesslib.no"]
[SourceDate "2004.05.04"]

1. d4 d5 2. c4 Bf5 3. Nf3 e6 4. Qb3 Nc6 5. a3 Na5 6. Qa4+ c6 7. cxd5 exd5 8. e3 b5 9. Qd1 Bd6 10. Bd3 Bxd3 11. Qxd3 Nf6 12. O-O O-O 13. Bd2 Ne4 14. Bxa5 Qxa5 15. Nbd2 f5 16. Rfc1 Rac8 17. Nb3 Qc7 18. Rc2 f4 19. exf4 Rxf4 20. Rac1 Rf6 21. Ne5 Bxe5 22. dxe5 Qxe5 23. f3 Nd6 24. Nd4 Nc4 25. b3 Rd8 26. Nxb5 cxb5 27. bxc4 bxc4 28. Rxc4 dxc4 29. Qxd8+ Rf8 30. Qd2 Qc5+ 31. Kf1 1/2-1/2

[Event "Viernheim"]
[Site "Viernheim"]
[Date "1992.??.??"]
[Round "3"]
[White "Sokolov, Andrei"]
[Black "Rausis, Igors"]
[Result "1/2-1/2"]
[WhiteElo "2605"]
[BlackElo "2490"]
[PlyCount "51"]
[EventDate "1992.??.??"]
[Source "ChessBase"]

1. d4 d5 2. c4 Bf5 3. Qb3 e5 4. cxd5 exd4 5. Nf3 Bc5 6. Nxd4 Bxd4 7. Qa4+ Nc6 8. dxc6 b5 9. Qxb5 Ne7 10. e3 Rb8 11. Qe2 Bf6 12. Qd2 O-O 13. Bc4 Nxc6 14. O-O Bxb2 15. Bxb2 Qxd2 16. Nxd2 Rxb2 17. Nb3 Ne5 18. Rfc1 Bc2 19. Nd4 Bd3 20. Bb3 Ng4 21. Bc2 c5 22. Bxd3 cxd4 23. exd4 Nxf2 24. Bf5 Re8 25. d5 g6 26. Rc2 1/2-1/2

[Event "Abonyi-4"]
[Site "Abonyi-4"]
[Date "1989.??.??"]
[Round "?"]
[White "Antonov, Vitaly Aleks'vich"]
[Black "Pyshkin, Aleksandr Serg'vich"]
[Result "1-0"]
[WhiteElo "2550"]
[BlackElo "2545"]
[PlyCount "151"]
[EventDate "1989.??.??"]
[Source "www.chesslib.no"]
[SourceDate "2004.05.04"]

1. d4 d5 2. c4 Bf5 3. Nf3 e6 4. Nc3 Nc6 5. Bg5 f6 6. cxd5 exd5 7. Bh4 h5 8. Bg3 g5 9. h4 g4 10. Nd2 Bd6 11. Bxd6 Qxd6 12. Nb5 Qd7 13. Qa4 Nge7 14. g3 O-O 15. e3 a6 16. Nc3 b5 17. Qd1 Nb4 18. Rc1 Qd6 19. Nb3 Be4 20. Rg1 Bf3 21. Be2 Bxe2 22. Qxe2 Nbc6 23. Qc2 Nb4 24. Qd2 f5 25. a3 Nbc6 26. Ne2 Ng6 27. Nc5 Nd8 28. Qc2 c6 29. Nd3 Ra7 30. Nef4 Nxf4 31. Nxf4 Kh7 32. Kd2 Kh6 33. Qc3 Nb7 34. Rc2 Qe7 35. Kc1 Qd8 36. Kb1 Na5 37. Qc5 Raf7 38. Ka2 Nb7 39. Qc3 Rf6 40. Rgc1 Qb6 41. Nd3 Rd6 42. Ne5 Nd8 43. Qd3 Rff6 44. Rc5 Qc7 45. Qc2 Qe7 46. Qc3 Qc7 47. Rc2 Kh7 48. Kb1 Qe7 49. Kc1 Rde6 50. b4 Kh6 51. Kd1 Qe8 52. Ke2 Kh7 53. Kf1 Kh6 54. Kg1 Kh7 55. Rc1 Kg7 56. Qc2 Kh6 57. a4 Qe7 58. axb5 axb5 59. Qd2 Kh7 60. R5c2 Qc7 61. Ra2 Nf7 62. Nd3 Re7 63. Nf4 Qd7 64. Nxh5 Rh6 65. Nf4 Nd6 66. Qc2 Nc4 67. Rca1 Rf6 68. Ra8 Rff7 69. R1a6 Qd6 70. Rc8 Rc7 71. Re8 Rce7 72. Rxe7 Qxe7 73. Rxc6 Qxb4 74. Nxd5 Qe1+ 75. Kg2 Nd2 76. Qc1 1-0

[Event "Andorra Open"]
[Site "Andorra"]
[Date "1993.??.??"]
[Round "9"]
[White "Marin, Mihail"]
[Black "Rausis, Igors"]
[Result "1/2-1/2"]
[WhiteElo "2515"]
[BlackElo "2560"]
[PlyCount "38"]
[EventDate "1993.06.??"]
[Source "www.chesslib.no"]
[SourceDate "2004.05.04"]

1. d4 d5 2. c4 Bf5 3. Nc3 e6 4. Bf4 c6 5. Qb3 Qb6 6. c5 Qxb3 7. axb3 Nd7 8. b4 a6 9. Nf3 Rc8 10. Nd2 Be7 11. Nb3 Bd8 12. e3 Bc7 13. Bg3 Ne7 14. Na5 Bxg3 15. hxg3 Rc7 16. Be2 e5 17. g4 Be6 18. Kd2 O-O 19. Rae1 Rb8 1/2-1/2

[Event "URS-sf Ukraine-ch"]
[Site "Kherson"]
[Date "1989.??.??"]
[Round "?"]
[White "Novikov, Igor A"]
[Black "Malaniuk, Vladimir P"]
[Result "1/2-1/2"]
[WhiteElo "2500"]
[BlackElo "2560"]
[PlyCount "40"]
[EventDate "1989.11.??"]
[Source "ChessBase"]

1. d4 d5 2. c4 Bf5 3. cxd5 Bxb1 4. Qa4+ c6 5. dxc6 Nxc6 6. Rxb1 e5 7. Bd2 exd4 8. g3 Bc5 9. Bg2 Nge7 10. Nh3 O-O 11. O-O Re8 12. Nf4 Bb6 13. Rbc1 Rc8 14. Rc2 Ng6 15. Rfc1 Nxf4 16. Bxf4 h6 17. Rd1 Qf6 18. Bxc6 Rxc6 19. Rxc6 bxc6 20. Qc4 d3 1/2-1/2

[Event "Rubinstein mem"]
[Site "Polanica Zdroj"]
[Date "1978.??.??"]
[Round "2"]
[White "Dorfman, Josif D"]
[Black "Knezevic, Milorad"]
[Result "1/2-1/2"]
[WhiteElo "2550"]
[BlackElo "2505"]
[PlyCount "69"]
[EventDate "1978.08.??"]
[Source "ChessBase"]

1. d4 d5 2. c4 Bf5 3. Nf3 e6 4. Qb3 Nc6 5. Bd2 Rb8 6. cxd5 exd5 7. Nc3 Nf6 8. Bg5 Be6 9. e3 Be7 10. Bb5 O-O 11. Bxc6 bxc6 12. Qc2 Qd6 13. O-O c5 14. Rfc1 c4 15. b3 Qa6 16. bxc4 dxc4 17. d5 Bd7 18. Ne5 Be8 19. Ne4 Nxd5 20. Bxe7 Nxe7 21. Qxc4 Qxc4 22. Rxc4 f6 23. Nf3 Bc6 24. Rac1 Rb2 25. h4 Re8 26. Ng3 Bxf3 27. gxf3 c6 28. Ra4 Rb7 29. h5 Rd8 30. Kg2 Kf7 31. Rc3 Rdd7 32. Rca3 f5 33. Rf4 Rb5 34. Rfa4 Rdb7 35. Rf4 1/2-1/2

[Event "Sverdlovsk"]
[Site "Sverdlovsk"]
[Date "1989.??.??"]
[Round "?"]
[White "Dautov, Rustem"]
[Black "Malaniuk, Vladimir P"]
[Result "1-0"]
[WhiteElo "2535"]
[BlackElo "2520"]
[PlyCount "81"]
[EventDate "1989.10.??"]
[Source "www.chesslib.no"]
[SourceDate "2004.05.04"]

1. d4 d5 2. c4 Bf5 3. cxd5 Bxb1 4. Qa4+ c6 5. Rxb1 Qxd5 6. Nf3 Nd7 7. Bd2 e6 8. e3 Nb6 9. Qc2 Qxa2 10. Bd3 Qd5 11. Bxh7 Nf6 12. Bd3 Be7 13. e4 Qh5 14. h3 c5 15. e5 c4 16. Bxc4 Nxc4 17. Qxc4 Nd7 18. O-O Qg6 19. Kh1 Qf5 20. Ng1 Rd8 21. f4 Nb6 22. Qb5+ Rd7 23. Ba5 Nd5 24. Rbc1 b6 25. Rc8+ Bd8 26. Bd2 Qe4 27. Re1 Qf5 28. Ne2 Nc7 29. Qc4 Qe4 30. Bb4 Qb7 31. Rxd8+ Rxd8 32. Nc3 Nd5 33. Qb5+ Qd7 34. Nxd5 exd5 35. Qd3 Qa4 36. Ba3 Qc6 37. f5 Rh4 38. e6 Qc7 39. Kg1 Qc4 40. exf7+ Kxf7 41. Re7+ 1-0

[Event "Cappelle Open"]
[Site "Cappelle la Grande FRA"]
[Date "1995.??.??"]
[Round "6"]
[White "Rashkovsky, Nukhim N"]
[Black "Rausis, Igors"]
[Result "1/2-1/2"]
[WhiteElo "2550"]
[BlackElo "2495"]
[PlyCount "52"]
[EventDate "1995.03.??"]
[Source "www.chesslib.no"]
[SourceDate "2004.05.04"]

1. d4 d5 2. c4 Bf5 3. cxd5 Bxb1 4. Qa4+ c6 5. Rxb1 Qxd5 6. Nf3 Nd7 7. b4 e5 8. e3 exd4 9. Nxd4 Ngf6 10. b5 c5 11. Nf3 Nb6 12. Qc2 Rd8 13. Be2 Qe4 14. Rb2 Be7 15. O-O O-O 16. Nd2 Qh4 17. Rb3 Nfd5 18. g3 Qa4 19. Nc4 Nxc4 20. Bxc4 Nb6 21. Be2 Bf6 22. Qb1 Nc4 23. Qe4 Nb6 24. Qb1 Nc4 25. Qe4 Nb6 26. Qb1 Nc4 1/2-1/2

[Event "Yerevan ol (Men)"]
[Site "Yerevan"]
[Date "1996.??.??"]
[Round "12"]
[White "Ricardi, Pablo"]
[Black "Rausis, Igors"]
[Result "1/2-1/2"]
[WhiteElo "2535"]
[BlackElo "2495"]
[PlyCount "95"]
[EventDate "1996.09.??"]
[Source "www.chesslib.no"]
[SourceDate "2004.05.04"]

1. d4 d5 2. c4 Bf5 3. cxd5 Bxb1 4. Qa4+ c6 5. dxc6 Nxc6 6. Rxb1 Qxd4 7. Qxd4 Nxd4 8. e3 Nc6 9. Nf3 e6 10. Bb5 Rc8 11. Ne5 Nge7 12. Bd2 a6 13. Bxc6+ Nxc6 14. Rc1 Bd6 15. Nxc6 Rxc6 16. Rxc6 bxc6 17. Ke2 Kd7 18. Bc3 e5 19. f4 exf4 20. exf4 Bxf4 21. Kf3 Bh6 22. Rd1+ Ke6 23. Re1+ Kd7 24. Rd1+ Ke6 25. Bb4 Rb8 26. Ba3 Rc8 27. Rd6+ Ke5 28. Rd7 f5 29. Re7+ Kd5 30. Rf7 Ke5 31. Re7+ Kd5 32. Rf7 Ke5 33. Bb4 Ke6 34. Ra7 Bc1 35. Bc3 g5 36. Rxh7 g4+ 37. Ke2 Bf4 38. h3 gxh3 39. Rxh3 Rg8 40. Kf3 Rg4 41. Rh8 Bd6 42. Ra8 Ra4 43. a3 Kd5 44. Rd8 Rf4+ 45. Ke2 Re4+ 46. Kf3 Rf4+ 47. Ke2 Re4+ 48. Kf3 1/2-1/2

[Event "FRG Ch int"]
[Site "Berlin West"]
[Date "1971.??.??"]
[Round "?"]
[White "Gligoric, Svetozar"]
[Black "Schiffer, Karl-Josef"]
[Result "1-0"]
[WhiteElo "2600"]
[BlackElo "2430"]
[PlyCount "95"]
[EventDate "1971.09.??"]
[Source "www.chesslib.no"]
[SourceDate "2004.05.04"]

1. d4 d5 2. c4 Bf5 3. Qb3 e5 4. cxd5 exd4 5. Nf3 Be4 6. Nxd4 Bxd5 7. Qe3+ Qe7 8. Nc3 Nf6 9. Qxe7+ Bxe7 10. Bg5 Be6 11. e4 c6 12. Nxe6 fxe6 13. Bc4 e5 14. Ke2 Nbd7 15. f3 Nh5 16. Bxe7 Nf4+ 17. Ke3 Kxe7 18. g3 Ne6 19. Ne2 Rad8 20. Rad1 Nf6 21. b4 g5 22. Rxd8 Rxd8 23. h4 g4 24. f4 Nd4 25. fxe5 Nc2+ 26. Kf4 Nd7 27. Rc1 Rf8+ 28. Kxg4 Nxe5+ 29. Kh5 Ne3 30. Bb3 N3g4 31. Nd4 Nf6+ 32. Kh6 Neg4+ 33. Kg5 h6+ 34. Kf4 Nf2 35. Nf5+ Kd8 36. Bc2 Kc7 37. Rf1 N6g4 38. Kf3 Rd8 39. Nxh6 Nh2+ 40. Kxf2 Rd2+ 41. Ke1 Nxf1 42. Bb3 Rg2 43. Kxf1 Rxg3 44. Kf2 Rc3 45. Nf5 a5 46. bxa5 c5 47. Bd5 Ra3 48. h5 1-0

[Event "Balatonbereny"]
[Site "Balatonbereny"]
[Date "1995.??.??"]
[Round "3"]
[White "Romanishin, Oleg M"]
[Black "Schlindwein, Rolf"]
[Result "1-0"]
[WhiteElo "2580"]
[BlackElo "2440"]
[PlyCount "65"]
[EventDate "1995.08.??"]
[Source "ChessBase"]

1. d4 d5 2. c4 Bf5 3. cxd5 Bxb1 4. Qa4+ c6 5. Rxb1 Qxd5 6. Nf3 Nd7 7. e3 Nb6 8. Qb3 Qxb3 9. axb3 e6 10. Ne5 Nd7 11. Nf3 Ngf6 12. g3 Bd6 13. Bg2 Ke7 14. Ke2 Rhd8 15. Rd1 Rac8 16. Ra1 a6 17. Nd2 e5 18. Nc4 Bc7 19. Na5 Bxa5 20. Rxa5 exd4 21. Rxd4 Nb8 22. Re5+ Kf8 23. Bd2 b6 24. Rxd8+ Rxd8 25. Rf5 a5 26. b4 axb4 27. Bxb4+ c5 28. Bc3 Ne8 29. Rf4 Nc7 30. Ra4 b5 31. Ra7 Ne6 32. Rb7 b4 33. Be5 1-0

[Event "Maromme Open"]
[Site "Maromme"]
[Date "1994.??.??"]
[Round "?"]
[White "Solozhenkin, Evgeniy"]
[Black "Rausis, Igors"]
[Result "1/2-1/2"]
[WhiteElo "2525"]
[BlackElo "2495"]
[PlyCount "106"]
[EventDate "1994.??.??"]
[Source "www.chesslib.no"]
[SourceDate "2004.05.04"]

1. d4 d5 2. c4 Bf5 3. cxd5 Bxb1 4. Qa4+ c6 5. Rxb1 Qxd5 6. f3 b5 7. e4 bxa4 8. exd5 cxd5 9. Bb5+ Nd7 10. Bc6 Rc8 11. Bxd5 e6 12. Be4 Ngf6 13. Bd3 Bb4+ 14. Bd2 Bxd2+ 15. Kxd2 Ke7 16. Ne2 Nd5 17. a3 Rb8 18. Rhc1 Rhd8 19. Rc4 N7b6 20. Rc5 h6 21. Ra5 Rb7 22. Rc1 Rdd7 23. Bb5 Rdc7 24. Bc6 Rb8 25. Bxd5 Nxd5 26. Rxc7+ Nxc7 27. Kc1 Rb7 28. Nc3 Ne8 29. d5 Nc7 30. dxe6 Nxe6 31. Kc2 Nd4+ 32. Kb1 g5 33. Rxa4 Nf5 34. Ra6 Ne3 35. g4 Nc4 36. b4 Nd2+ 37. Kc2 Nxf3 38. Rxh6 Kf8 39. Ne4 Re7 40. Nd6 Re2+ 41. Kd3 Rxh2 42. Rf6 Ne5+ 43. Ke4 Re2+ 44. Kf5 Re3 45. a4 Ke7 46. Nc8+ Kd8 47. Nxa7 Nd7 48. Rxf7 Rf3+ 49. Ke6 Nf8+ 50. Rxf8+ Rxf8 51. Nc6+ Kc7 52. Ke7 Rf4 53. Ne5 Kb7 1/2-1/2

[Event "Benasque op"]
[Site "Benasque"]
[Date "1996.??.??"]
[Round "6"]
[White "Novikov, Igor A"]
[Black "Westerinen, Heikki MJ"]
[Result "1-0"]
[WhiteElo "2585"]
[BlackElo "2430"]
[PlyCount "101"]
[EventDate "1996.07.??"]
[Source "ChessBase"]

1. d4 d5 2. c4 Bf5 3. Qb3 e5 4. cxd5 exd4 5. Nf3 Bc5 6. Nxd4 Bxd4 7. Qa4+ Nc6 8. dxc6 b5 9. Qb3 Ne7 10. e3 Bf6 11. Bd2 O-O 12. Bc3 Nxc6 13. Bxb5 Rb8 14. Qa4 Bd3 15. Bxf6 Bxb5 16. Bxd8 Bxa4 17. Bxc7 Rxb2 18. Nc3 Bc2 19. O-O Rc8 20. Bd6 Na5 21. Nd5 Rc4 22. Rfc1 h6 23. Bb4 Nc6 24. Bc3 Rb5 25. Rxc2 Rxd5 26. Rcc1 Rd3 27. Be1 Ne5 28. Rxc4 Nxc4 29. Rc1 Nb6 30. Kf1 Ra3 31. Rc2 f6 32. Ke2 Kf7 33. Bc3 Nd5 34. Bd2 f5 35. Rc5 Ke6 36. Ra5 Rxa5 37. Bxa5 g5 38. Kd3 h5 39. Kd4 g4 40. Be1 Ne7 41. e4 Ng6 42. f3 Nf4 43. fxg4 fxg4 44. g3 Ne2+ 45. Ke3 Ng1 46. Bf2 Nh3 47. Ke2 a6 48. Be3 Kd6 49. Kd2 Ke6 50. Kc3 Ke5 51. Kd3 1-0

[Event "Perenyi mem-B"]
[Site "Budapest HUN"]
[Date "1989.??.??"]
[Round "?"]
[White "Novikov, Igor A"]
[Black "Malaniuk, Vladimir P"]
[Result "1/2-1/2"]
[WhiteElo "2490"]
[BlackElo "2520"]
[PlyCount "46"]
[EventDate "1989.??.??"]
[Source "www.chesslib.no"]
[SourceDate "2004.05.04"]

1. d4 d5 2. c4 Bf5 3. cxd5 Bxb1 4. Qa4+ c6 5. dxc6 Nxc6 6. Rxb1 e5 7. Bd2 Qxd4 8. Qxd4 exd4 9. g3 Bc5 10. Bg2 Bb6 11. Nh3 Nf6 12. O-O O-O 13. Rfc1 Rac8 14. Nf4 Rfe8 15. Kf1 Ne4 16. Bxe4 Rxe4 17. Rc2 Rd8 18. Nd3 h6 19. Rbc1 Re7 20. Nb4 Nxb4 21. Bxb4 Red7 22. Bc5 d3 23. exd3 Bxc5 1/2-1/2

[Event "Hohenems"]
[Site "Hohenems"]
[Date "1995.??.??"]
[Round "?"]
[White "Georgiev, Kiril D"]
[Black "Donev, Ivo H"]
[Result "1/2-1/2"]
[WhiteElo "2625"]
[BlackElo "2385"]
[PlyCount "46"]
[EventDate "1995.??.??"]
[Source "www.chesslib.no"]
[SourceDate "2004.05.04"]

1. d4 d5 2. c4 Bf5 3. cxd5 Bxb1 4. Qa4+ c6 5. dxc6 Nxc6 6. Rxb1 e5 7. Nf3 Bb4+ 8. Bd2 Bxd2+ 9. Nxd2 Qxd4 10. Qxd4 Nxd4 11. e3 Nc6 12. Bb5 Nge7 13. Ke2 O-O-O 14. Rbc1 Kb8 15. a3 f6 16. Rc2 Rc8 17. Rhc1 Rhd8 18. Bd3 h6 19. g4 a6 20. h4 Na7 21. h5 Rxc2 22. Rxc2 Rc8 23. Rxc8+ Naxc8 1/2-1/2

[Event "Vinkovci"]
[Site "Vinkovci"]
[Date "1989.??.??"]
[Round "?"]
[White "Kozul, Zdenko"]
[Black "Klaric, Zlatko"]
[Result "1/2-1/2"]
[WhiteElo "2560"]
[BlackElo "2445"]
[PlyCount "30"]
[EventDate "1989.10.??"]
[Source "ChessBase"]

1. d4 d5 2. c4 Bf5 3. cxd5 Bxb1 4. Qa4+ c6 5. Rxb1 Qxd5 6. Nf3 Nd7 7. Bd2 Nb6 8. Qc2 Nf6 9. a3 Ne4 10. Rd1 g5 11. e3 g4 12. Ne5 Bg7 13. Nxg4 h5 14. Ne5 Bxe5 15. dxe5 O-O-O 1/2-1/2

[Event "JUG Ch"]
[Site "Belgrade SCG"]
[Date "1978.??.??"]
[Round "?"]
[White "Bukic, Enver"]
[Black "Kovacevic, Vlatko"]
[Result "1/2-1/2"]
[WhiteElo "2500"]
[BlackElo "2505"]
[PlyCount "33"]
[EventDate "1978.01.??"]
[Source "www.chesslib.no"]
[SourceDate "2004.05.04"]

1. d4 d5 2. c4 Bf5 3. cxd5 Bxb1 4. Qa4+ Qd7 5. Qxd7+ Nxd7 6. Rxb1 Ngf6 7. Nf3 Nb6 8. e3 Nbxd5 9. Be2 e6 10. O-O Be7 11. Bd2 Ne4 12. Rfc1 Nxd2 13. Nxd2 O-O-O 14. Ne4 c6 15. Nc5 a5 16. a3 Kc7 17. Kf1 1/2-1/2

[Event "GRE-chT 29th"]
[Site "Athens"]
[Date "2000.07.10"]
[Round "5"]
[White "Istratescu, Andrei"]
[Black "Managadze, Nikoloz"]
[Result "1-0"]
[WhiteElo "2556"]
[BlackElo "2447"]
[PlyCount "31"]
[EventDate "2000.07.06"]
[Source "www.chesslib.no"]
[SourceDate "2004.05.04"]

1. d4 d5 2. c4 Bf5 3. Nc3 e6 4. Nf3 Nf6 5. Bg5 c6 6. e3 Be7 7. Be2 O-O 8. O-O Ne4 9. Bf4 Nd7 10. Nxe4 Bxe4 11. Nd2 Bg6 12. Qb3 Qc8 13. Rac1 Nf6 14. h3 Ne4 15. Nxe4 dxc4 16. Qc2 1-0

[Event "Bad Woerishofen Open"]
[Site "Bad Woerishofen GER"]
[Date "1992.??.??"]
[Round "4"]
[White "Hansen, Lars Bo"]
[Black "Chuchelov, Vladimir"]
[Result "1-0"]
[WhiteElo "2510"]
[BlackElo "2490"]
[PlyCount "70"]
[EventDate "1992.03.??"]
[Source "www.chesslib.no"]
[SourceDate "2004.05.04"]

1. d4 d5 2. c4 Bf5 3. cxd5 Bxb1 4. Rxb1 Qxd5 5. e3 Qxa2 6. Bd3 c6 7. Ne2 Qa5+ 8. b4 Qc7 9. O-O e6 10. e4 Nf6 11. Qc2 Nbd7 12. f4 Be7 13. Bd2 g6 14. Kh1 O-O 15. Rb3 Rac8 16. e5 Ne8 17. f5 exf5 18. Bxf5 Ng7 19. Bh3 Rcd8 20. b5 Nb6 21. Rc1 Ne6 22. Bxe6 fxe6 23. Nf4 Rxf4 24. Bxf4 Rxd4 25. Rf1 c5 26. Bh6 Qxe5 27. Qf2 Bf6 28. Re3 Qf5 29. Rf3 Nd5 30. Rxf5 gxf5 31. Qe2 Kf7 32. Qh5+ Ke7 33. Bg5 Bxg5 34. Qxg5+ Kd7 35. Re1 Ne7 1-0

[Event "IBM"]
[Site "Amsterdam"]
[Date "1979.??.??"]
[Round "10"]
[White "Ree, Hans"]
[Black "Sahovic, Dragutin"]
[Result "0-1"]
[WhiteElo "2480"]
[BlackElo "2520"]
[PlyCount "74"]
[EventDate "1979.07.??"]
[Source "ChessBase"]

1. d4 d5 2. c4 Bf5 3. Nc3 e6 4. cxd5 exd5 5. Qb3 Nc6 6. Nf3 Bb4 7. a3 Bxc3+ 8. Qxc3 Nf6 9. Bg5 O-O 10. e3 h6 11. Bxf6 Qxf6 12. Be2 Rfc8 13. O-O Ne7 14. Rfc1 c6 15. b4 Ng6 16. Ne1 Re8 17. a4 Re6 18. b5 Rae8 19. Qa5 Qe7 20. Bd3 b6 21. Qc3 Bxd3 22. Nxd3 cxb5 23. axb5 Qd7 24. Qb3 Rf6 25. Rc2 Nh4 26. Ne5 Qf5 27. Rxa7 Nxg2 28. Rac7 Nh4 29. f4 Qe4 30. Rc8 Rfe6 31. Rxe8+ Rxe8 32. Re2 Ra8 33. Qd1 Nf5 34. Qd3 Ra1+ 35. Kf2 Qh1 36. Rc2 Rf1+ 37. Ke2 Qg2# 0-1

[Event "Hyeres Open"]
[Site "Hyeres FRA"]
[Date "1992.??.??"]
[Round "?"]
[White "Flear, Glenn C"]
[Black "Rausis, Igors"]
[Result "1/2-1/2"]
[WhiteElo "2505"]
[BlackElo "2490"]
[PlyCount "26"]
[EventDate "1992.07.??"]
[Source "www.chesslib.no"]
[SourceDate "2004.05.04"]

1. d4 d5 2. c4 Bf5 3. cxd5 Bxb1 4. Qa4+ c6 5. Rxb1 Qxd5 6. e3 Nd7 7. b4 Ngf6 8. Nf3 e6 9. Qc2 a5 10. Bc4 Qe4 11. Qxe4 Nxe4 12. bxa5 Nd6 13. Bb3 Rxa5 1/2-1/2

[Event "Copenhagen K41"]
[Site "Copenhagen"]
[Date "1995.??.??"]
[Round "8"]
[White "Akesson, Ralf"]
[Black "Rausis, Igors"]
[Result "1/2-1/2"]
[WhiteElo "2500"]
[BlackElo "2495"]
[PlyCount "24"]
[EventDate "1995.06.??"]
[Source "ChessBase"]

1. d4 d5 2. c4 Bf5 3. cxd5 Bxb1 4. Qa4+ c6 5. dxc6 Nxc6 6. Rxb1 Qxd4 7. Qxd4 Nxd4 8. e3 Nc6 9. Bd2 Rc8 10. Rc1 a6 11. Nf3 e6 12. Be2 Bd6 1/2-1/2

[Event "56th ch-RUS"]
[Site "Krasnoyarsk"]
[Date "2003.09.04"]
[Round "2"]
[White "Chernyshov, Konstantin"]
[Black "Beznosikov, Vladimir"]
[Result "1-0"]
[WhiteElo "2541"]
[BlackElo "2445"]
[PlyCount "69"]
[EventDate "2003.09.03"]
[Source "Roberto Alvarez"]
[SourceDate "2003.09.15"]

1. d4 d5 2. c4 Bf5 3. Nc3 e6 4. Nf3 Nc6 5. Bg5 Be7 6. Bxe7 Ngxe7 7. e3 O-O 8. Be2 h6 9. O-O a6 10. Rc1 dxc4 11. Bxc4 Bg4 12. Be2 Qd7 13. Qb3 Rfd8 14. Rfd1 Qc8 15. Qa3 Nd5 16. Na4 Na7 17. Qb3 Nb5 18. h3 Bxf3 19. Bxf3 Qb8 20. Nc5 c6 21. e4 Ne7 22. Qe3 b6 23. Nb3 a5 24. a4 Nc7 25. h4 Na6 26. Nd2 Nb4 27. Nc4 b5 28. axb5 cxb5 29. Na3 Nbc6 30. Rc5 b4 31. Nc4 Ra6 32. b3 Rd7 33. d5 Ne5 34. Nxe5 Qxe5 35. d6 1-0

[Event "Simul Peoria"]
[Site "?"]
[Date "1998.??.??"]
[Round "?"]
[White "Kasparov, G."]
[Black "Todd, James"]
[Result "1-0"]
[WhiteElo "2825"]
[BlackElo "2160"]
[PlyCount "37"]
[EventDate "1998.??.??"]
[Source "www.chesslib.no"]
[SourceDate "2004.05.04"]

1. d4 d5 2. c4 Bf5 3. Nf3 e6 4. Nc3 Nf6 5. cxd5 exd5 6. Qb3 Nc6 7. Bg5 Na5 8. Qa4+ c6 9. Bxf6 gxf6 10. e3 Rg8 11. Nh4 Bg6 12. Be2 Qb6 13. Nxd5 Qxb2 14. Nxf6+ Kd8 15. O-O b6 16. Rac1 Qxe2 17. Rxc6 Bh6 18. Rxb6 Kc7 19. Nd5+ 1-0

[Event "Skei"]
[Site "Skei"]
[Date "1993.??.??"]
[Round "4"]
[White "Tisdall, Jonathan D"]
[Black "Rausis, Igors"]
[Result "1-0"]
[WhiteElo "2425"]
[BlackElo "2560"]
[PlyCount "59"]
[EventDate "1993.??.??"]
[Source "ChessBase"]

1. d4 d5 2. c4 Bf5 3. cxd5 Bxb1 4. Qa4+ c6 5. dxc6 Nxc6 6. Rxb1 e5 7. Bd2 Qxd4 8. Qxd4 exd4 9. g3 a5 10. Bg2 Bb4 11. Nh3 Nge7 12. Nf4 O-O 13. a3 Bxd2+ 14. Kxd2 a4 15. Rhc1 Ra5 16. Rc4 Rfa8 17. Rbc1 Rb5 18. R1c2 Na5 19. Rb4 Nb3+ 20. Kd3 Raa5 21. Rxb5 Rxb5 22. Rc7 Kf8 23. Kc4 Rb6 24. Rxe7 g5 25. Nd5 Rc6+ 26. Kd3 Rc1 27. Bf3 f5 28. Bh5 Rd1+ 29. Kc4 Rc1+ 30. Kb4 1-0

[Event "Tbilisi"]
[Site "Tbilisi GEO"]
[Date "1986.??.??"]
[Round "?"]
[White "Zaichik, Gennadi L"]
[Black "Malaniuk, Vladimir P"]
[Result "1/2-1/2"]
[WhiteElo "2490"]
[BlackElo "2495"]
[PlyCount "39"]
[EventDate "1986.11.??"]
[Source "www.chesslib.no"]
[SourceDate "2004.05.04"]

1. d4 d5 2. c4 Bf5 3. cxd5 Bxb1 4. Qa4+ c6 5. dxc6 Nxc6 6. Rxb1 e5 7. Nf3 Bb4+ 8. Bd2 Bxd2+ 9. Nxd2 Qxd4 10. Qxd4 Nxd4 11. Rc1 Nc6 12. e3 Nge7 13. Bb5 a6 14. Bxc6+ Nxc6 15. Ke2 O-O-O 16. Rhd1 Kc7 17. Ne4 h6 18. Nc3 Rxd1 19. Rxd1 Rd8 20. Rxd8 1/2-1/2